000 00450nam a2200181Ia 4500
001 22262
005 20260414150819.0
008 260414t2013||||xx |||||||||||||| ||spa||
041 _aESP
082 _a621.3
_bH42 T. 3
100 _aHermosa Donate, Antonio
_eAUT
245 0 _aPrincipios de electricidad y electrónica
_b
260 _c2013
300 _a424 páginas :
_c23 cm.
650 _aTCA
654 _aCET
942 _cLIB
_dJUS
_fJUS
_2ddc
_n
999 _c22262
_d22262